000 00488nam a2200145Ia 4500
008 100415s9999 xx 000 0 und d
082 _b21605
_a598.2(54)
100 _aLOZUPONE, PATSY
245 _aOrnithological gazetteer of the Indian Subcontinent
260 _aWASHINGTON D.C.
_c2004
_bCENTER FOR APPLIED BIODIVERSIT
365 _b1
630 _aOrnithological gazetteer of the Indian Subcontinent
730 _aOrnithological gazetteer of the Indian Subcontinent
942 _cBOOK
999 _c604487
_d604484